The Surveyor (Record no. 118610)
[ view plain ]
| 000 -LEADER | |
|---|---|
| fixed length control field | 00636cas a22002175a 4500 |
| 001 - CONTROL NUMBER | |
| control field | L368 |
| 008 - FIXED-LENGTH DATA ELEMENTS--GENERAL INFORMATION | |
| fixed length control field | 070712c1971 my qr p 0 a0eng |
| 022 1# - INTERNATIONAL STANDARD SERIAL NUMBER | |
| International Standard Serial Number | 0127-4937 |
| 035 ## - SYSTEM CONTROL NUMBER | |
| System control number | (Sirsi) u98990 |
| 041 0# - LANGUAGE CODE | |
| Language code of text/sound track or separate title | eng |
| 110 2# - MAIN ENTRY--CORPORATE NAME | |
| Corporate name or jurisdiction name as entry element | Institution of Surveyors Malaysia |
| 9 (RLIN) | 355 |
| 245 04 - TITLE STATEMENT | |
| Title | The Surveyor |
| 260 ## - PUBLICATION, DISTRIBUTION, ETC. | |
| Place of publication, distribution, etc. | Kuala Lumpur |
| Name of publisher, distributor, etc. | Institution of Surveyors, Malaysia |
| Date of publication, distribution, etc. | 1971- |
| 362 0# - DATES OF PUBLICATION AND/OR SEQUENTIAL DESIGNATION | |
| Dates of publication and/or sequential designation | 7(1) March 1971-32(1) First Quarter 1997 |
| 554 ## - | |
| -- | Four per year |
| 651 #4 - SUBJECT ADDED ENTRY--GEOGRAPHIC NAME | |
| Geographic name | Malaysia |
| 9 (RLIN) | 403 |
| 690 ## - LOCAL SUBJECT ADDED ENTRY--TOPICAL TERM (OCLC, RLIN) | |
| Topical term or geographic name as entry element | MANAGEMENT-BUSINESS MANAGEMENT-PROFESSIONAL PRACTICE |
| 780 00 - PRECEDING ENTRY | |
| Title | Surveyors' Quarterly Gazette |
| 942 ## - ADDED ENTRY ELEMENTS (KOHA) | |
| Suppress in OPAC | 0 |
| 948 ## - LOCAL PROCESSING INFORMATION (OCLC); SERIES PART DESIGNATOR (RLIN) | |
| c (OCLC) | 25/01/1995 |
| Withdrawn status | Lost status | Source of classification or shelving scheme | Damaged status | Not for loan | Home library | Current library | Shelving location | Date acquired | Total Checkouts | Full call number | Barcode | Date last seen | Price effective from | Koha item type |
|---|---|---|---|---|---|---|---|---|---|---|---|---|---|---|
| Other/Generic Classification Scheme | London | London | Basement | 12/07/2007 | SURVEYOR | 98990-1001 | 06/08/2019 | 06/08/2019 | Journal |